<?xml version="1.0" encoding="UTF-8"?>
<record
    xmlns:xsi="http://www.w3.org/2001/XMLSchema-instance"
    xsi:schemaLocation="http://www.loc.gov/MARC21/slim http://www.loc.gov/standards/marcxml/schema/MARC21slim.xsd"
    xmlns="http://www.loc.gov/MARC21/slim">

  <leader>00541nam a2200193   4500</leader>
  <controlfield tag="003">SEACOMEC</controlfield>
  <controlfield tag="005">20250920113155.0</controlfield>
  <controlfield tag="008">231226b        |||||||| |||| 00| 0 eng d</controlfield>
  <datafield tag="020" ind1=" " ind2=" ">
    <subfield code="c">265.00</subfield>
    <subfield code="a">978-0070530447</subfield>
  </datafield>
  <datafield tag="040" ind1=" " ind2=" ">
    <subfield code="a">SEACOMEC</subfield>
  </datafield>
  <datafield tag="082" ind1=" " ind2=" ">
    <subfield code="a">621.381535</subfield>
    <subfield code="b">F825</subfield>
  </datafield>
  <datafield tag="100" ind1=" " ind2=" ">
    <subfield code="a">Franco,Sergio</subfield>
  </datafield>
  <datafield tag="245" ind1="1" ind2=" ">
    <subfield code="a">Design with operational amplifiers and analog integrated circuits</subfield>
    <subfield code="c">Sergio Franco</subfield>
  </datafield>
  <datafield tag="250" ind1=" " ind2=" ">
    <subfield code="a">3rd ed.</subfield>
  </datafield>
  <datafield tag="260" ind1=" " ind2=" ">
    <subfield code="a">New Delhi</subfield>
    <subfield code="b">Tata Mcgraw Hill</subfield>
    <subfield code="c">c2002</subfield>
  </datafield>
  <datafield tag="650" ind1=" " ind2=" ">
    <subfield code="a">Technology</subfield>
  </datafield>
  <datafield tag="650" ind1=" " ind2=" ">
    <subfield code="a">Components and circuits</subfield>
  </datafield>
  <datafield tag="942" ind1=" " ind2=" ">
    <subfield code="c">BOOK</subfield>
  </datafield>
  <datafield tag="952" ind1=" " ind2=" ">
    <subfield code="0">0</subfield>
    <subfield code="1">0</subfield>
    <subfield code="2">ddc</subfield>
    <subfield code="4">0</subfield>
    <subfield code="7">0</subfield>
    <subfield code="a">SEACOMEC</subfield>
    <subfield code="b">SEACOMEC</subfield>
    <subfield code="d">2006-06-02</subfield>
    <subfield code="l">0</subfield>
    <subfield code="o">621.381535 F825</subfield>
    <subfield code="p">815</subfield>
    <subfield code="r">2023-12-26 15:34:34</subfield>
    <subfield code="w">2023-12-26</subfield>
    <subfield code="y">BOOK</subfield>
  </datafield>
  <datafield tag="952" ind1=" " ind2=" ">
    <subfield code="0">0</subfield>
    <subfield code="1">0</subfield>
    <subfield code="2">ddc</subfield>
    <subfield code="4">0</subfield>
    <subfield code="7">0</subfield>
    <subfield code="a">SEACOMEC</subfield>
    <subfield code="b">SEACOMEC</subfield>
    <subfield code="d">2025-09-20</subfield>
    <subfield code="l">0</subfield>
    <subfield code="o">621.381535 F825</subfield>
    <subfield code="p">BB2636</subfield>
    <subfield code="r">2025-09-20 11:35:33</subfield>
    <subfield code="w">2025-09-20</subfield>
    <subfield code="y">BBK</subfield>
  </datafield>
  <datafield tag="952" ind1=" " ind2=" ">
    <subfield code="0">0</subfield>
    <subfield code="1">0</subfield>
    <subfield code="2">ddc</subfield>
    <subfield code="4">0</subfield>
    <subfield code="7">0</subfield>
    <subfield code="a">SEACOMEC</subfield>
    <subfield code="b">SEACOMEC</subfield>
    <subfield code="d">2025-09-20</subfield>
    <subfield code="l">0</subfield>
    <subfield code="o">621.381535 F825</subfield>
    <subfield code="p">BB2637</subfield>
    <subfield code="r">2025-09-20 11:35:33</subfield>
    <subfield code="w">2025-09-20</subfield>
    <subfield code="y">BBK</subfield>
  </datafield>
  <datafield tag="952" ind1=" " ind2=" ">
    <subfield code="0">0</subfield>
    <subfield code="1">0</subfield>
    <subfield code="2">ddc</subfield>
    <subfield code="4">0</subfield>
    <subfield code="7">0</subfield>
    <subfield code="a">SEACOMEC</subfield>
    <subfield code="b">SEACOMEC</subfield>
    <subfield code="d">2025-09-20</subfield>
    <subfield code="l">0</subfield>
    <subfield code="o">621.381535 F825</subfield>
    <subfield code="p">BB2638</subfield>
    <subfield code="r">2025-09-20 11:35:33</subfield>
    <subfield code="w">2025-09-20</subfield>
    <subfield code="y">BBK</subfield>
  </datafield>
  <datafield tag="952" ind1=" " ind2=" ">
    <subfield code="0">0</subfield>
    <subfield code="1">0</subfield>
    <subfield code="2">ddc</subfield>
    <subfield code="4">0</subfield>
    <subfield code="7">0</subfield>
    <subfield code="a">SEACOMEC</subfield>
    <subfield code="b">SEACOMEC</subfield>
    <subfield code="d">2025-09-20</subfield>
    <subfield code="l">0</subfield>
    <subfield code="o">621.381535 F825</subfield>
    <subfield code="p">BB2639</subfield>
    <subfield code="r">2025-09-20 11:35:33</subfield>
    <subfield code="w">2025-09-20</subfield>
    <subfield code="y">BBK</subfield>
  </datafield>
  <datafield tag="952" ind1=" " ind2=" ">
    <subfield code="0">0</subfield>
    <subfield code="1">0</subfield>
    <subfield code="2">ddc</subfield>
    <subfield code="4">0</subfield>
    <subfield code="7">0</subfield>
    <subfield code="a">SEACOMEC</subfield>
    <subfield code="b">SEACOMEC</subfield>
    <subfield code="d">2025-09-20</subfield>
    <subfield code="l">0</subfield>
    <subfield code="o">621.381535 F825</subfield>
    <subfield code="p">BB2640</subfield>
    <subfield code="r">2025-09-20 11:35:33</subfield>
    <subfield code="w">2025-09-20</subfield>
    <subfield code="y">BBK</subfield>
  </datafield>
  <datafield tag="952" ind1=" " ind2=" ">
    <subfield code="0">0</subfield>
    <subfield code="1">0</subfield>
    <subfield code="2">ddc</subfield>
    <subfield code="4">0</subfield>
    <subfield code="7">0</subfield>
    <subfield code="a">SEACOMEC</subfield>
    <subfield code="b">SEACOMEC</subfield>
    <subfield code="d">2025-09-20</subfield>
    <subfield code="l">0</subfield>
    <subfield code="o">621.381535 F825</subfield>
    <subfield code="p">BB2641</subfield>
    <subfield code="r">2025-09-20 11:35:33</subfield>
    <subfield code="w">2025-09-20</subfield>
    <subfield code="y">BBK</subfield>
  </datafield>
  <datafield tag="952" ind1=" " ind2=" ">
    <subfield code="0">0</subfield>
    <subfield code="1">0</subfield>
    <subfield code="2">ddc</subfield>
    <subfield code="4">0</subfield>
    <subfield code="7">0</subfield>
    <subfield code="a">SEACOMEC</subfield>
    <subfield code="b">SEACOMEC</subfield>
    <subfield code="d">2025-09-20</subfield>
    <subfield code="l">0</subfield>
    <subfield code="o">621.381535 F825</subfield>
    <subfield code="p">BB2642</subfield>
    <subfield code="r">2025-09-20 11:35:33</subfield>
    <subfield code="w">2025-09-20</subfield>
    <subfield code="y">BBK</subfield>
  </datafield>
  <datafield tag="952" ind1=" " ind2=" ">
    <subfield code="0">0</subfield>
    <subfield code="1">0</subfield>
    <subfield code="2">ddc</subfield>
    <subfield code="4">0</subfield>
    <subfield code="7">0</subfield>
    <subfield code="a">SEACOMEC</subfield>
    <subfield code="b">SEACOMEC</subfield>
    <subfield code="d">2025-09-20</subfield>
    <subfield code="l">0</subfield>
    <subfield code="o">621.381535 F825</subfield>
    <subfield code="p">BB2643</subfield>
    <subfield code="r">2025-09-20 11:35:33</subfield>
    <subfield code="w">2025-09-20</subfield>
    <subfield code="y">BBK</subfield>
  </datafield>
  <datafield tag="952" ind1=" " ind2=" ">
    <subfield code="0">0</subfield>
    <subfield code="1">0</subfield>
    <subfield code="2">ddc</subfield>
    <subfield code="4">0</subfield>
    <subfield code="7">0</subfield>
    <subfield code="a">SEACOMEC</subfield>
    <subfield code="b">SEACOMEC</subfield>
    <subfield code="d">2025-09-20</subfield>
    <subfield code="l">0</subfield>
    <subfield code="o">621.381535 F825</subfield>
    <subfield code="p">BB2644</subfield>
    <subfield code="r">2025-09-20 11:35:33</subfield>
    <subfield code="w">2025-09-20</subfield>
    <subfield code="y">BBK</subfield>
  </datafield>
  <datafield tag="952" ind1=" " ind2=" ">
    <subfield code="0">0</subfield>
    <subfield code="1">0</subfield>
    <subfield code="2">ddc</subfield>
    <subfield code="4">0</subfield>
    <subfield code="7">0</subfield>
    <subfield code="a">SEACOMEC</subfield>
    <subfield code="b">SEACOMEC</subfield>
    <subfield code="d">2025-09-20</subfield>
    <subfield code="l">0</subfield>
    <subfield code="o">621.381535 F825</subfield>
    <subfield code="p">BB2645</subfield>
    <subfield code="r">2025-09-20 11:35:33</subfield>
    <subfield code="w">2025-09-20</subfield>
    <subfield code="y">BBK</subfield>
  </datafield>
  <datafield tag="952" ind1=" " ind2=" ">
    <subfield code="0">0</subfield>
    <subfield code="1">0</subfield>
    <subfield code="2">ddc</subfield>
    <subfield code="4">0</subfield>
    <subfield code="7">0</subfield>
    <subfield code="a">SEACOMEC</subfield>
    <subfield code="b">SEACOMEC</subfield>
    <subfield code="d">2025-09-20</subfield>
    <subfield code="l">0</subfield>
    <subfield code="o">621.381535 F825</subfield>
    <subfield code="p">BB2646</subfield>
    <subfield code="r">2025-09-20 11:35:33</subfield>
    <subfield code="w">2025-09-20</subfield>
    <subfield code="y">BBK</subfield>
  </datafield>
  <datafield tag="952" ind1=" " ind2=" ">
    <subfield code="0">0</subfield>
    <subfield code="1">0</subfield>
    <subfield code="2">ddc</subfield>
    <subfield code="4">0</subfield>
    <subfield code="7">0</subfield>
    <subfield code="a">SEACOMEC</subfield>
    <subfield code="b">SEACOMEC</subfield>
    <subfield code="d">2025-09-20</subfield>
    <subfield code="l">0</subfield>
    <subfield code="o">621.381535 F825</subfield>
    <subfield code="p">BB2647</subfield>
    <subfield code="r">2025-09-20 11:35:33</subfield>
    <subfield code="w">2025-09-20</subfield>
    <subfield code="y">BBK</subfield>
  </datafield>
  <datafield tag="952" ind1=" " ind2=" ">
    <subfield code="0">0</subfield>
    <subfield code="1">0</subfield>
    <subfield code="2">ddc</subfield>
    <subfield code="4">0</subfield>
    <subfield code="7">0</subfield>
    <subfield code="a">SEACOMEC</subfield>
    <subfield code="b">SEACOMEC</subfield>
    <subfield code="d">2025-09-20</subfield>
    <subfield code="l">0</subfield>
    <subfield code="o">621.381535 F825</subfield>
    <subfield code="p">BB2648</subfield>
    <subfield code="r">2025-09-20 11:35:33</subfield>
    <subfield code="w">2025-09-20</subfield>
    <subfield code="y">BBK</subfield>
  </datafield>
  <datafield tag="952" ind1=" " ind2=" ">
    <subfield code="0">0</subfield>
    <subfield code="1">0</subfield>
    <subfield code="2">ddc</subfield>
    <subfield code="4">0</subfield>
    <subfield code="7">0</subfield>
    <subfield code="a">SEACOMEC</subfield>
    <subfield code="b">SEACOMEC</subfield>
    <subfield code="d">2025-09-20</subfield>
    <subfield code="l">0</subfield>
    <subfield code="o">621.381535 F825</subfield>
    <subfield code="p">BB2649</subfield>
    <subfield code="r">2025-09-20 11:35:33</subfield>
    <subfield code="w">2025-09-20</subfield>
    <subfield code="y">BBK</subfield>
  </datafield>
  <datafield tag="952" ind1=" " ind2=" ">
    <subfield code="0">0</subfield>
    <subfield code="1">0</subfield>
    <subfield code="2">ddc</subfield>
    <subfield code="4">0</subfield>
    <subfield code="7">0</subfield>
    <subfield code="a">SEACOMEC</subfield>
    <subfield code="b">SEACOMEC</subfield>
    <subfield code="d">2025-09-20</subfield>
    <subfield code="l">0</subfield>
    <subfield code="o">621.381535 F825</subfield>
    <subfield code="p">BB2650</subfield>
    <subfield code="r">2025-09-20 11:35:33</subfield>
    <subfield code="w">2025-09-20</subfield>
    <subfield code="y">BBK</subfield>
  </datafield>
  <datafield tag="952" ind1=" " ind2=" ">
    <subfield code="0">0</subfield>
    <subfield code="1">0</subfield>
    <subfield code="2">ddc</subfield>
    <subfield code="4">0</subfield>
    <subfield code="7">0</subfield>
    <subfield code="a">SEACOMEC</subfield>
    <subfield code="b">SEACOMEC</subfield>
    <subfield code="d">2025-09-20</subfield>
    <subfield code="l">0</subfield>
    <subfield code="o">621.381535 F825</subfield>
    <subfield code="p">BB2651</subfield>
    <subfield code="r">2025-09-20 11:35:33</subfield>
    <subfield code="w">2025-09-20</subfield>
    <subfield code="y">BBK</subfield>
  </datafield>
  <datafield tag="952" ind1=" " ind2=" ">
    <subfield code="0">0</subfield>
    <subfield code="1">0</subfield>
    <subfield code="2">ddc</subfield>
    <subfield code="4">0</subfield>
    <subfield code="7">0</subfield>
    <subfield code="a">SEACOMEC</subfield>
    <subfield code="b">SEACOMEC</subfield>
    <subfield code="d">2025-09-20</subfield>
    <subfield code="l">0</subfield>
    <subfield code="o">621.381535 F825</subfield>
    <subfield code="p">BB2652</subfield>
    <subfield code="r">2025-09-20 11:35:33</subfield>
    <subfield code="w">2025-09-20</subfield>
    <subfield code="y">BBK</subfield>
  </datafield>
  <datafield tag="952" ind1=" " ind2=" ">
    <subfield code="0">0</subfield>
    <subfield code="1">0</subfield>
    <subfield code="2">ddc</subfield>
    <subfield code="4">0</subfield>
    <subfield code="7">0</subfield>
    <subfield code="a">SEACOMEC</subfield>
    <subfield code="b">SEACOMEC</subfield>
    <subfield code="d">2025-09-20</subfield>
    <subfield code="l">0</subfield>
    <subfield code="o">621.381535 F825</subfield>
    <subfield code="p">BB2653</subfield>
    <subfield code="r">2025-09-20 11:35:33</subfield>
    <subfield code="w">2025-09-20</subfield>
    <subfield code="y">BBK</subfield>
  </datafield>
  <datafield tag="952" ind1=" " ind2=" ">
    <subfield code="0">0</subfield>
    <subfield code="1">0</subfield>
    <subfield code="2">ddc</subfield>
    <subfield code="4">0</subfield>
    <subfield code="7">0</subfield>
    <subfield code="a">SEACOMEC</subfield>
    <subfield code="b">SEACOMEC</subfield>
    <subfield code="d">2025-09-20</subfield>
    <subfield code="l">0</subfield>
    <subfield code="o">621.381535 F825</subfield>
    <subfield code="p">BB2654</subfield>
    <subfield code="r">2025-09-20 11:35:33</subfield>
    <subfield code="w">2025-09-20</subfield>
    <subfield code="y">BBK</subfield>
  </datafield>
  <datafield tag="952" ind1=" " ind2=" ">
    <subfield code="0">0</subfield>
    <subfield code="1">0</subfield>
    <subfield code="2">ddc</subfield>
    <subfield code="4">0</subfield>
    <subfield code="7">0</subfield>
    <subfield code="a">SEACOMEC</subfield>
    <subfield code="b">SEACOMEC</subfield>
    <subfield code="d">2025-09-20</subfield>
    <subfield code="l">0</subfield>
    <subfield code="o">621.381535 F825</subfield>
    <subfield code="p">BB2655</subfield>
    <subfield code="r">2025-09-20 11:35:33</subfield>
    <subfield code="w">2025-09-20</subfield>
    <subfield code="y">BBK</subfield>
  </datafield>
  <datafield tag="952" ind1=" " ind2=" ">
    <subfield code="0">0</subfield>
    <subfield code="1">0</subfield>
    <subfield code="2">ddc</subfield>
    <subfield code="4">0</subfield>
    <subfield code="7">0</subfield>
    <subfield code="a">SEACOMEC</subfield>
    <subfield code="b">SEACOMEC</subfield>
    <subfield code="d">2025-09-20</subfield>
    <subfield code="l">0</subfield>
    <subfield code="o">621.381535 F825</subfield>
    <subfield code="p">BB2656</subfield>
    <subfield code="r">2025-09-20 11:35:33</subfield>
    <subfield code="w">2025-09-20</subfield>
    <subfield code="y">BBK</subfield>
  </datafield>
  <datafield tag="952" ind1=" " ind2=" ">
    <subfield code="0">0</subfield>
    <subfield code="1">0</subfield>
    <subfield code="2">ddc</subfield>
    <subfield code="4">0</subfield>
    <subfield code="7">0</subfield>
    <subfield code="a">SEACOMEC</subfield>
    <subfield code="b">SEACOMEC</subfield>
    <subfield code="d">2025-09-20</subfield>
    <subfield code="l">0</subfield>
    <subfield code="o">621.381535 F825</subfield>
    <subfield code="p">BB2657</subfield>
    <subfield code="r">2025-09-20 11:35:33</subfield>
    <subfield code="w">2025-09-20</subfield>
    <subfield code="y">BBK</subfield>
  </datafield>
  <datafield tag="952" ind1=" " ind2=" ">
    <subfield code="0">0</subfield>
    <subfield code="1">0</subfield>
    <subfield code="2">ddc</subfield>
    <subfield code="4">0</subfield>
    <subfield code="7">0</subfield>
    <subfield code="a">SEACOMEC</subfield>
    <subfield code="b">SEACOMEC</subfield>
    <subfield code="d">2025-09-20</subfield>
    <subfield code="l">0</subfield>
    <subfield code="o">621.381535 F825</subfield>
    <subfield code="p">BB2658</subfield>
    <subfield code="r">2025-09-20 11:35:33</subfield>
    <subfield code="w">2025-09-20</subfield>
    <subfield code="y">BBK</subfield>
  </datafield>
  <datafield tag="952" ind1=" " ind2=" ">
    <subfield code="0">0</subfield>
    <subfield code="1">0</subfield>
    <subfield code="2">ddc</subfield>
    <subfield code="4">0</subfield>
    <subfield code="7">0</subfield>
    <subfield code="a">SEACOMEC</subfield>
    <subfield code="b">SEACOMEC</subfield>
    <subfield code="d">2025-09-20</subfield>
    <subfield code="l">0</subfield>
    <subfield code="o">621.381535 F825</subfield>
    <subfield code="p">BB2659</subfield>
    <subfield code="r">2025-09-20 11:35:33</subfield>
    <subfield code="w">2025-09-20</subfield>
    <subfield code="y">BBK</subfield>
  </datafield>
  <datafield tag="952" ind1=" " ind2=" ">
    <subfield code="0">0</subfield>
    <subfield code="1">0</subfield>
    <subfield code="2">ddc</subfield>
    <subfield code="4">0</subfield>
    <subfield code="7">0</subfield>
    <subfield code="a">SEACOMEC</subfield>
    <subfield code="b">SEACOMEC</subfield>
    <subfield code="d">2025-09-20</subfield>
    <subfield code="l">0</subfield>
    <subfield code="o">621.381535 F825</subfield>
    <subfield code="p">BB2660</subfield>
    <subfield code="r">2025-09-20 11:35:33</subfield>
    <subfield code="w">2025-09-20</subfield>
    <subfield code="y">BBK</subfield>
  </datafield>
  <datafield tag="952" ind1=" " ind2=" ">
    <subfield code="0">0</subfield>
    <subfield code="1">0</subfield>
    <subfield code="2">ddc</subfield>
    <subfield code="4">0</subfield>
    <subfield code="7">0</subfield>
    <subfield code="a">SEACOMEC</subfield>
    <subfield code="b">SEACOMEC</subfield>
    <subfield code="d">2025-09-20</subfield>
    <subfield code="l">0</subfield>
    <subfield code="o">621.381535 F825</subfield>
    <subfield code="p">BB2661</subfield>
    <subfield code="r">2025-09-20 11:35:33</subfield>
    <subfield code="w">2025-09-20</subfield>
    <subfield code="y">BBK</subfield>
  </datafield>
  <datafield tag="952" ind1=" " ind2=" ">
    <subfield code="0">0</subfield>
    <subfield code="1">0</subfield>
    <subfield code="2">ddc</subfield>
    <subfield code="4">0</subfield>
    <subfield code="7">0</subfield>
    <subfield code="a">SEACOMEC</subfield>
    <subfield code="b">SEACOMEC</subfield>
    <subfield code="d">2025-09-20</subfield>
    <subfield code="l">0</subfield>
    <subfield code="o">621.381535 F825</subfield>
    <subfield code="p">BB2662</subfield>
    <subfield code="r">2025-09-20 11:35:33</subfield>
    <subfield code="w">2025-09-20</subfield>
    <subfield code="y">BBK</subfield>
  </datafield>
  <datafield tag="952" ind1=" " ind2=" ">
    <subfield code="0">0</subfield>
    <subfield code="1">0</subfield>
    <subfield code="2">ddc</subfield>
    <subfield code="4">0</subfield>
    <subfield code="7">0</subfield>
    <subfield code="a">SEACOMEC</subfield>
    <subfield code="b">SEACOMEC</subfield>
    <subfield code="d">2025-09-20</subfield>
    <subfield code="l">0</subfield>
    <subfield code="o">621.381535 F825</subfield>
    <subfield code="p">BB2663</subfield>
    <subfield code="r">2025-09-20 11:35:33</subfield>
    <subfield code="w">2025-09-20</subfield>
    <subfield code="y">BBK</subfield>
  </datafield>
  <datafield tag="952" ind1=" " ind2=" ">
    <subfield code="0">0</subfield>
    <subfield code="1">0</subfield>
    <subfield code="2">ddc</subfield>
    <subfield code="4">0</subfield>
    <subfield code="7">0</subfield>
    <subfield code="a">SEACOMEC</subfield>
    <subfield code="b">SEACOMEC</subfield>
    <subfield code="d">2025-09-20</subfield>
    <subfield code="l">0</subfield>
    <subfield code="o">621.381535 F825</subfield>
    <subfield code="p">BB2664</subfield>
    <subfield code="r">2025-09-20 11:35:33</subfield>
    <subfield code="w">2025-09-20</subfield>
    <subfield code="y">BBK</subfield>
  </datafield>
  <datafield tag="952" ind1=" " ind2=" ">
    <subfield code="0">0</subfield>
    <subfield code="1">0</subfield>
    <subfield code="2">ddc</subfield>
    <subfield code="4">0</subfield>
    <subfield code="7">0</subfield>
    <subfield code="a">SEACOMEC</subfield>
    <subfield code="b">SEACOMEC</subfield>
    <subfield code="d">2025-09-20</subfield>
    <subfield code="l">0</subfield>
    <subfield code="o">621.381535 F825</subfield>
    <subfield code="p">BB2665</subfield>
    <subfield code="r">2025-09-20 11:35:33</subfield>
    <subfield code="w">2025-09-20</subfield>
    <subfield code="y">BBK</subfield>
  </datafield>
  <datafield tag="952" ind1=" " ind2=" ">
    <subfield code="0">0</subfield>
    <subfield code="1">0</subfield>
    <subfield code="2">ddc</subfield>
    <subfield code="4">0</subfield>
    <subfield code="7">0</subfield>
    <subfield code="a">SEACOMEC</subfield>
    <subfield code="b">SEACOMEC</subfield>
    <subfield code="d">2025-09-20</subfield>
    <subfield code="l">0</subfield>
    <subfield code="o">621.381535 F825</subfield>
    <subfield code="p">BB2666</subfield>
    <subfield code="r">2025-09-20 11:35:33</subfield>
    <subfield code="w">2025-09-20</subfield>
    <subfield code="y">BBK</subfield>
  </datafield>
  <datafield tag="952" ind1=" " ind2=" ">
    <subfield code="0">0</subfield>
    <subfield code="1">0</subfield>
    <subfield code="2">ddc</subfield>
    <subfield code="4">0</subfield>
    <subfield code="7">0</subfield>
    <subfield code="a">SEACOMEC</subfield>
    <subfield code="b">SEACOMEC</subfield>
    <subfield code="d">2025-09-20</subfield>
    <subfield code="l">0</subfield>
    <subfield code="o">621.381535 F825</subfield>
    <subfield code="p">BB2667</subfield>
    <subfield code="r">2025-09-20 11:35:33</subfield>
    <subfield code="w">2025-09-20</subfield>
    <subfield code="y">BBK</subfield>
  </datafield>
  <datafield tag="952" ind1=" " ind2=" ">
    <subfield code="0">0</subfield>
    <subfield code="1">0</subfield>
    <subfield code="2">ddc</subfield>
    <subfield code="4">0</subfield>
    <subfield code="7">0</subfield>
    <subfield code="a">SEACOMEC</subfield>
    <subfield code="b">SEACOMEC</subfield>
    <subfield code="d">2025-09-20</subfield>
    <subfield code="l">0</subfield>
    <subfield code="o">621.381535 F825</subfield>
    <subfield code="p">BB2668</subfield>
    <subfield code="r">2025-09-20 11:35:33</subfield>
    <subfield code="w">2025-09-20</subfield>
    <subfield code="y">BBK</subfield>
  </datafield>
  <datafield tag="952" ind1=" " ind2=" ">
    <subfield code="0">0</subfield>
    <subfield code="1">0</subfield>
    <subfield code="2">ddc</subfield>
    <subfield code="4">0</subfield>
    <subfield code="7">0</subfield>
    <subfield code="a">SEACOMEC</subfield>
    <subfield code="b">SEACOMEC</subfield>
    <subfield code="d">2025-09-20</subfield>
    <subfield code="l">0</subfield>
    <subfield code="o">621.381535 F825</subfield>
    <subfield code="p">BB2669</subfield>
    <subfield code="r">2025-09-20 11:35:33</subfield>
    <subfield code="w">2025-09-20</subfield>
    <subfield code="y">BBK</subfield>
  </datafield>
  <datafield tag="952" ind1=" " ind2=" ">
    <subfield code="0">0</subfield>
    <subfield code="1">0</subfield>
    <subfield code="2">ddc</subfield>
    <subfield code="4">0</subfield>
    <subfield code="7">0</subfield>
    <subfield code="a">SEACOMEC</subfield>
    <subfield code="b">SEACOMEC</subfield>
    <subfield code="d">2025-09-20</subfield>
    <subfield code="l">0</subfield>
    <subfield code="o">621.381535 F825</subfield>
    <subfield code="p">BB2670</subfield>
    <subfield code="r">2025-09-20 11:35:33</subfield>
    <subfield code="w">2025-09-20</subfield>
    <subfield code="y">BBK</subfield>
  </datafield>
  <datafield tag="952" ind1=" " ind2=" ">
    <subfield code="0">0</subfield>
    <subfield code="1">0</subfield>
    <subfield code="2">ddc</subfield>
    <subfield code="4">0</subfield>
    <subfield code="7">0</subfield>
    <subfield code="a">SEACOMEC</subfield>
    <subfield code="b">SEACOMEC</subfield>
    <subfield code="d">2025-09-20</subfield>
    <subfield code="l">0</subfield>
    <subfield code="o">621.381535 F825</subfield>
    <subfield code="p">BB2671</subfield>
    <subfield code="r">2025-09-20 11:35:33</subfield>
    <subfield code="w">2025-09-20</subfield>
    <subfield code="y">BBK</subfield>
  </datafield>
  <datafield tag="952" ind1=" " ind2=" ">
    <subfield code="0">0</subfield>
    <subfield code="1">0</subfield>
    <subfield code="2">ddc</subfield>
    <subfield code="4">0</subfield>
    <subfield code="7">0</subfield>
    <subfield code="a">SEACOMEC</subfield>
    <subfield code="b">SEACOMEC</subfield>
    <subfield code="d">2025-09-20</subfield>
    <subfield code="l">0</subfield>
    <subfield code="o">621.381535 F825</subfield>
    <subfield code="p">BB2672</subfield>
    <subfield code="r">2025-09-20 11:35:33</subfield>
    <subfield code="w">2025-09-20</subfield>
    <subfield code="y">BBK</subfield>
  </datafield>
  <datafield tag="952" ind1=" " ind2=" ">
    <subfield code="0">0</subfield>
    <subfield code="1">0</subfield>
    <subfield code="2">ddc</subfield>
    <subfield code="4">0</subfield>
    <subfield code="7">0</subfield>
    <subfield code="a">SEACOMEC</subfield>
    <subfield code="b">SEACOMEC</subfield>
    <subfield code="d">2025-09-20</subfield>
    <subfield code="l">0</subfield>
    <subfield code="o">621.381535 F825</subfield>
    <subfield code="p">BB2673</subfield>
    <subfield code="r">2025-09-20 11:35:33</subfield>
    <subfield code="w">2025-09-20</subfield>
    <subfield code="y">BBK</subfield>
  </datafield>
  <datafield tag="952" ind1=" " ind2=" ">
    <subfield code="0">0</subfield>
    <subfield code="1">0</subfield>
    <subfield code="2">ddc</subfield>
    <subfield code="4">0</subfield>
    <subfield code="7">0</subfield>
    <subfield code="a">SEACOMEC</subfield>
    <subfield code="b">SEACOMEC</subfield>
    <subfield code="d">2025-09-20</subfield>
    <subfield code="l">0</subfield>
    <subfield code="o">621.381535 F825</subfield>
    <subfield code="p">BB2674</subfield>
    <subfield code="r">2025-09-20 11:35:33</subfield>
    <subfield code="w">2025-09-20</subfield>
    <subfield code="y">BBK</subfield>
  </datafield>
  <datafield tag="952" ind1=" " ind2=" ">
    <subfield code="0">0</subfield>
    <subfield code="1">0</subfield>
    <subfield code="2">ddc</subfield>
    <subfield code="4">0</subfield>
    <subfield code="7">0</subfield>
    <subfield code="a">SEACOMEC</subfield>
    <subfield code="b">SEACOMEC</subfield>
    <subfield code="d">2025-09-20</subfield>
    <subfield code="l">0</subfield>
    <subfield code="o">621.381535 F825</subfield>
    <subfield code="p">BB2675</subfield>
    <subfield code="r">2025-09-20 11:35:33</subfield>
    <subfield code="w">2025-09-20</subfield>
    <subfield code="y">BBK</subfield>
  </datafield>
  <datafield tag="999" ind1=" " ind2=" ">
    <subfield code="c">338</subfield>
    <subfield code="d">338</subfield>
  </datafield>
</record>
